[Event "294th YMCA Autumn C"]
[Site "Warsaw"]
[Date "2024.11.13"]
[Round "8"]
[White "Hartman, Aleksander"]
[Black "Ossolinski, Michal"]
[Result "1-0"]
[WhiteElo "1683"]
[BlackElo "1612"]
[PlyCount "55"]
[EventDate "2024.09.25"]
[EventType "tourn"]
[EventRounds "1"]
[EventCountry "POL"]
[SourceDate "2024.09.25"]

1. e4 d5 2. exd5 Nf6 3. Nc3 Nxd5 4. Bc4 e6 5. Qf3 c6 6. d4 Nd7 7. Nh3 h6 8. O-O
Qf6 9. Bxd5 cxd5 10. Qe2 Qxd4 11. Nb5 Qb6 12. Bf4 a6 13. Nc7+ Kd8 14. Nxa8 Bd6
15. Nxb6 Bxf4 16. Nxd7 Bxh2+ 17. Kxh2 Bxd7 18. c4 Bc6 19. cxd5 Bxd5 20. Rad1
Ke7 21. Rxd5 Rd8 22. Rfd1 Rxd5 23. Rxd5 b5 24. Nf4 g5 25. Nh5 f5 26. Qe5 f4 27.
Qf6+ Ke8 28. Ng7# 1-0

[Event "294th YMCA Autumn C"]
[Site "Warsaw"]
[Date "2024.11.12"]
[Round "8"]
[White "Wiktorowski, Janusz"]
[Black "Jazdzyk, Bartosz"]
[Result "1/2-1/2"]
[WhiteElo "1648"]
[BlackElo "1663"]
[PlyCount "118"]
[EventDate "2024.09.25"]
[EventType "tourn"]
[EventRounds "1"]
[EventCountry "POL"]
[SourceDate "2024.09.25"]

1. e4 e6 2. d4 d5 3. exd5 exd5 4. h3 Bd6 5. Nf3 Nc6 6. Nc3 Nge7 7. Bd3 Nb4 8.
O-O Nxd3 9. Qxd3 Bf5 10. Qb5+ Qd7 11. Qxb7 O-O 12. Ne5 Bxe5 13. dxe5 d4 14. Ne2
Rfb8 15. Qa6 Rb6 16. Qc4 d3 17. e6 Rxe6 18. Nd4 Re4 19. c3 Bxh3 20. Qxd3 Bf5
21. Qf3 c5 22. Nxf5 Qxf5 23. Qxf5 Nxf5 24. Bd2 a5 25. Rfe1 Rae8 26. b3 f6 27.
Rxe4 Rxe4 28. Re1 Rxe1+ 29. Bxe1 Kf7 30. f3 Ke6 31. Kf2 Kd7 32. Ke2 Kc6 33. Kd3
h5 34. c4 Kb6 35. Ke4 Ne7 36. g4 g6 37. gxh5 gxh5 38. Kf4 Ng6+ 39. Kf5 Ne5 40.
Ke4 Ng6 41. f4 Ne7 42. Bh4 f5+ 43. Kf3 Ng6 44. Bd8+ Ka6 45. Kg3 Kb7 46. Bxa5
h4+ 47. Kh3 Nxf4+ 48. Kxh4 Ne2 49. Bd2 Nd4 50. Kg3 Ne6 51. Kf3 Kb6 52. Bc3 Ka6
53. b4 cxb4 54. Bxb4 Kb7 55. a4 Ka6 56. Bc3 Kb6 57. a5+ Ka6 58. Bb4 Kb7 59. c5
Nxc5 1/2-1/2

[Event "294th YMCA Autumn C"]
[Site "Warsaw"]
[Date "2024.11.22"]
[Round "8"]
[White "Sokolowski, Marcin"]
[Black "Sobieraj, Filip"]
[Result "0-1"]
[WhiteElo "1600"]
[BlackElo "1697"]
[PlyCount "95"]
[EventDate "2024.09.25"]
[EventType "tourn"]
[EventRounds "1"]
[EventCountry "POL"]
[SourceDate "2024.09.25"]

1. d4 Nf6 2. Bf4 c5 3. e3 Qb6 4. Na3 cxd4 5. Qxd4 Qxd4 6. exd4 Nc6 7. Nf3 d6 8.
Bc4 Bg4 9. c3 Bxf3 10. gxf3 e6 11. Rd1 d5 12. Bb3 Bxa3 13. bxa3 Rc8 14. O-O O-O
15. Rb1 Na5 16. Rfc1 b6 17. Bd6 Rfd8 18. Bb4 Nc4 19. Ba4 Rc7 20. Bb5 a5 21.
Bxc4 dxc4 22. a4 axb4 23. Rxb4 Nd5 24. Rb2 Ra8 25. Rcb1 Nxc3 26. Rc1 Nd5 27.
Kf1 Rxa4 28. Ke2 c3 29. Rbc2 Rxd4 30. Ke1 Rd2 31. Rxd2 cxd2+ 32. Kxd2 Rxc1 33.
Kxc1 Nc3 34. Kb2 Nxa2 35. Kxa2 Kf8 36. Kb3 Ke7 37. Kc4 Kd6 38. f4 f5 39. h4 g6
40. Kd4 b5 41. f3 h6 42. Ke3 Kd5 43. Kd3 b4 44. Ke3 Kc4 45. Kd2 b3 46. Kc1 Kd3
47. Kb2 Ke3 48. Kxb3 0-1

[Event "294th YMCA Autumn C"]
[Site "Warsaw"]
[Date "2024.11.26"]
[Round "8"]
[White "Kuc, Mariusz"]
[Black "Przybylski, Marek"]
[Result "1/2-1/2"]
[WhiteElo "1684"]
[BlackElo "1609"]
[PlyCount "71"]
[EventDate "2024.09.25"]
[EventType "tourn"]
[EventRounds "1"]
[EventCountry "POL"]
[SourceDate "2024.09.25"]

1. e4 e5 2. Nf3 Nc6 3. d4 exd4 4. Nxd4 Nf6 5. Nxc6 bxc6 6. e5 Qe7 7. Qe2 Nd5 8.
c4 Nb6 9. Nc3 Qe6 10. Bd2 Be7 11. O-O-O O-O 12. f4 d5 13. exd6 cxd6 14. Qxe6
Bxe6 15. b3 Rfd8 16. Be2 d5 17. cxd5 cxd5 18. g4 d4 19. Ne4 Ba3+ 20. Kb1 Rac8
21. f5 Bd5 22. Bd3 Nd7 23. Rhe1 Ne5 24. Ba6 Bxe4+ 25. Rxe4 Rc5 26. Bf4 Nf3 27.
Be2 Rc3 28. Bxf3 Rxf3 29. Rexd4 Rxd4 30. Rxd4 h6 31. Rc4 Rf2 32. Bg3 Rb2+ 33.
Ka1 Rd2 34. Kb1 Rb2+ 35. Ka1 Rd2 36. Kb1 1/2-1/2

[Event "294th YMCA Autumn C"]
[Site "Warsaw"]
[Date "2024.11.13"]
[Round "8"]
[White "Kozera, Konrad"]
[Black "Marczukiewicz, Slawomir"]
[Result "0-1"]
[WhiteElo "1576"]
[BlackElo "1637"]
[PlyCount "62"]
[EventDate "2024.09.25"]
[EventType "tourn"]
[EventRounds "1"]
[EventCountry "POL"]
[SourceDate "2024.09.25"]

1. e4 c5 2. Nf3 Nc6 3. d4 cxd4 4. Nxd4 Nf6 5. Nc3 a6 6. f3 e5 7. Nb3 Bb4 8. Bd2
Bxc3 9. Bxc3 Nxe4 10. fxe4 Qh4+ 11. Kd2 Qxe4 12. Qf3 Qxf3 13. gxf3 d5 14. Re1
f6 15. Bd3 b5 16. Kc1 O-O 17. Rhg1 b4 18. Bd2 a5 19. Kb1 a4 20. Nc1 Rb8 21. Ne2
f5 22. Ng3 f4 23. Nh1 Nd4 24. Be2 Bf5 25. b3 axb3 26. Kb2 Rfc8 27. c3 bxc3+ 28.
Bxc3 bxa2+ 29. Kxa2 Rxc3 30. Bd1 Bb1+ 31. Ka1 Ra3# 0-1

[Event "294th YMCA Autumn C"]
[Site "Warsaw"]
[Date "2024.11.13"]
[Round "8"]
[White "Klask, Franciszek"]
[Black "Matyszkiewicz, Radoslaw"]
[Result "1/2-1/2"]
[WhiteElo "1672"]
[BlackElo "1542"]
[PlyCount "42"]
[EventDate "2024.09.25"]
[EventType "tourn"]
[EventRounds "1"]
[EventCountry "POL"]
[SourceDate "2024.09.25"]

1. d4 Nf6 2. c4 g6 3. Nc3 Bg7 4. e4 d6 5. Be2 O-O 6. Be3 e5 7. d5 Nbd7 8. h3
Nc5 9. Qc2 a5 10. Nf3 Nh5 11. Qd2 Nf6 12. Qc2 Nh5 13. Qd2 Nf6 14. Bxc5 dxc5 15.
Nxe5 Nxe4 16. Nxe4 Bxe5 17. Nxc5 Bf5 18. O-O Qf6 19. Bd3 b6 20. Bxf5 bxc5 21.
Be4 Bxb2 $11 1/2-1/2

[Event "294th YMCA Autumn C"]
[Site "Warsaw"]
[Date "2024.11.22"]
[Round "9"]
[White "Matyszkiewicz, Radoslaw"]
[Black "Niedzwiecki, Marek"]
[Result "0-1"]
[WhiteElo "1542"]
[BlackElo "1618"]
[PlyCount "148"]
[EventDate "2024.09.25"]
[EventType "tourn"]
[EventRounds "1"]
[EventCountry "POL"]
[SourceDate "2024.09.25"]

1. e4 e5 2. Nf3 Nc6 3. Bb5 a6 4. Ba4 d6 5. O-O Nf6 6. Re1 b5 7. Bb3 Na5 8. c3
c5 9. d3 Qb6 10. h3 Be7 11. Be3 O-O 12. Nbd2 Bb7 13. Nf1 Qc6 14. Ng3 Nxb3 15.
axb3 Bd8 16. Bg5 h6 17. Bxf6 Bxf6 18. Nf5 Kh7 19. d4 g6 20. d5 Qd7 21. Ne3 Be7
22. Qd2 f5 23. c4 f4 24. Nc2 b4 25. Nh2 h5 26. f3 Bh4 27. Red1 Qe7 28. Ne1 Bc8
29. Ra5 Qg5 30. Kh1 Qh6 31. Nd3 $11 g5 32. Nxe5 dxe5 33. Rxc5 Qb6 34. Rc6 Qb7
35. c5 Kg7 36. Rb6 Qf7 37. Qxb4 g4 38. d6 Bd8 39. Rb8 Rxb8 40. Qxb8 Bd7 41. Qb7
Bb5 42. Qxf7+ Kxf7 43. hxg4 hxg4 44. Nxg4 Ke6 45. Rd5 Rh8+ 46. Kg1 Rh5 47. Nf2
Ba5 48. Nd3 Bd2 49. Kf1 Bc6 50. d7 Bxd7 51. Ke2 Be3 52. Rd6+ Ke7 53. Rxa6 Bb5
54. Ra7+ Kd8 55. b4 Rh2 56. Rg7 Rh1 57. Rb7 Bxd3+ 58. Kxd3 Rd1+ 59. Kc4 Rd2 60.
b3 Rxg2 61. b5 Rc2+ 62. Kd5 Rxc5+ 63. Kd6 Bd4 64. Rg7 Kc8 65. b6 Kb8 66. b4 Rb5
67. Rg8+ Kb7 68. Rg7+ Kxb6 69. Rg8 Rxb4 70. Rb8+ Ka5 71. Re8 Rb5 72. Re7 Bc5+
73. Ke6 Bxe7 74. Kxe7 Kb4 0-1

[Event "294th YMCA Autumn C"]
[Site "Warsaw"]
[Date "2024.11.20"]
[Round "9"]
[White "Marczukiewicz, Slawomir"]
[Black "Klask, Franciszek"]
[Result "0-1"]
[WhiteElo "1637"]
[BlackElo "1672"]
[PlyCount "58"]
[EventDate "2024.09.25"]
[EventType "tourn"]
[EventRounds "1"]
[EventCountry "POL"]
[SourceDate "2024.09.25"]

1. d4 Nf6 2. Nf3 e6 3. Bg5 Be7 4. Nbd2 d5 5. e3 O-O 6. Bd3 c5 7. dxc5 Bxc5 8.
O-O Nbd7 9. c4 Be7 10. Qe2 h6 11. Bh4 b6 12. Rfd1 Bb7 13. Rac1 Nc5 14. Bb1 Rc8
15. Bg3 Bd6 16. Ne5 Qc7 17. Ndf3 Nh5 18. Qc2 Ne4 19. cxd5 Nhxg3 20. hxg3 Bxd5
21. Qxc7 Rxc7 22. Bxe4 Rxc1 23. Rxc1 Bxe4 24. Nc4 Rc8 25. Nfd2 Bb7 26. Rd1 Be7
27. b3 b5 28. Ne5 Rd8 29. f3 Bb4 0-1

[Event "294th YMCA Autumn C"]
[Site "Warsaw"]
[Date "2024.11.14"]
[Round "9"]
[White "Przybylski, Marek"]
[Black "Kozera, Konrad"]
[Result "1-0"]
[WhiteElo "1609"]
[BlackElo "1576"]
[PlyCount "105"]
[EventDate "2024.09.25"]
[EventType "tourn"]
[EventRounds "1"]
[EventCountry "POL"]
[SourceDate "2024.09.25"]

1. d4 Nf6 2. Nf3 g6 3. Bf4 Bg7 4. e3 d6 5. h3 O-O 6. Be2 Nbd7 7. O-O c5 8. c3
a6 9. a4 b6 10. Nbd2 Bb7 11. Bh2 Bc6 12. Qb3 b5 13. a5 Rb8 14. Rfd1 c4 15. Qc2
Rb7 16. e4 d5 17. Ne5 Nxe5 18. dxe5 Nd7 19. f4 Qa8 20. Bg3 Nc5 21. exd5 Bxd5
22. Bf2 Rc7 23. Bxc5 Rxc5 24. Bf3 Rd8 25. Ne4 Rc7 26. Ng5 e6 27. Bxd5 Rxd5 28.
Rxd5 exd5 29. Rd1 Bf8 30. Nf3 Bc5+ 31. Nd4 Rd7 32. Kh2 Qd8 33. b4 cxb3 34. Nxb3
Ba7 35. Qe2 Qc7 36. Qd3 Qc4 37. Qxc4 bxc4 38. Nd4 Bb8 39. Nc6 Bc7 40. Kg3 Kg7
41. Kf3 f6 42. Ke3 fxe5 43. fxe5 Kf7 44. Rf1+ Ke8 45. Kd4 Bd8 46. Kc5 Rb7 47.
Kd6 Rd7+ 48. Ke6 Bc7 49. Rd1 Bd8 50. Rxd5 Rxd5 51. Kxd5 Kd7 52. Nxd8 Kxd8 53.
Kxc4 1-0

[Event "294th YMCA Autumn C"]
[Site "Warsaw"]
[Date "2024.11.03"]
[Round "9"]
[White "Sobieraj, Filip"]
[Black "Kuc, Mariusz"]
[Result "1-0"]
[WhiteElo "1697"]
[BlackElo "1684"]
[PlyCount "93"]
[EventDate "2024.09.25"]
[EventType "tourn"]
[EventRounds "1"]
[EventCountry "POL"]
[SourceDate "2024.09.25"]

1. e4 c5 2. c3 Nc6 3. d4 d5 4. exd5 Qxd5 5. dxc5 Qxc5 6. Be3 Qa5 7. Nd2 Nf6 8.
Nb3 Qc7 9. Nf3 e5 10. Bb5 Be7 11. Qc2 O-O 12. Bxc6 bxc6 13. Bc5 Ba6 14. O-O-O
Nd5 15. Bxe7 Qxe7 16. Rhe1 f6 17. g4 Rfd8 18. Nfd4 Rac8 19. Qf5 Nf4 20. Qxf4
Qc7 21. Qg3 exd4 22. Qxc7 Rxc7 23. Nxd4 Kf7 24. f4 Bc4 25. b3 c5 26. Nc2 Rxd1+
27. Kxd1 Bd5 28. Re3 c4 29. b4 h5 30. gxh5 Be6 31. Nd4 Bg4+ 32. Kd2 Bxh5 33. a4
Bg4 34. f5 g6 35. fxg6+ Kxg6 36. Rg3 Kh5 37. Ke3 Re7+ 38. Kf4 Bd1 39. a5 Re1
40. Kf5 Rf1+ 41. Ke6 Bg4+ 42. Kd5 f5 43. h3 Kh4 44. hxg4 fxg4 45. Ne2 Rf2 46.
Re3 Rf3 47. Ke4 1-0

[Event "294th YMCA Autumn C"]
[Site "Warsaw"]
[Date "2024.11.15"]
[Round "9"]
[White "Jazdzyk, Bartosz"]
[Black "Sokolowski, Marcin"]
[Result "1/2-1/2"]
[WhiteElo "1663"]
[BlackElo "1600"]
[PlyCount "116"]
[EventDate "2024.09.25"]
[EventType "tourn"]
[EventRounds "1"]
[EventCountry "POL"]
[SourceDate "2024.09.25"]

1. e4 c5 2. Nf3 d6 3. d4 cxd4 4. Nxd4 Nf6 5. Nc3 a6 6. Bg5 e6 7. Qe2 Be7 8.
O-O-O Nbd7 9. f4 O-O 10. g4 Qc7 11. Bg2 Rb8 12. h4 b5 13. e5 dxe5 14. Nc6 Bc5
15. fxe5 Nd5 16. Nxd5 exd5 17. Nxb8 Qxb8 18. Rxd5 Qc7 19. Rhd1 h6 20. Be3 Bxe3+
21. Qxe3 Nb6 22. Rc5 Qe7 23. Rc6 Na4 24. Rcd6 Qc7 25. Qd4 Kh7 26. Be4+ g6 27.
h5 Rg8 28. g5 Qe7 29. gxh6 Qg5+ 30. Kb1 Qxh5 31. b3 Qxd1+ 32. Qxd1 Nc3+ 33. Kc1
Nxd1 34. Kxd1 Re8 35. Rf6 Rxe5 36. Rxf7+ Kxh6 37. Bd3 Bf5 38. Bxf5 Rxf5 39.
Rxf5 gxf5 40. c4 bxc4 41. bxc4 Kg5 42. Ke2 Kf4 43. c5 Ke5 44. Kf3 Kd5 45. c6
Kxc6 46. Kf4 Kb5 47. Kxf5 Kb4 48. Ke4 Ka3 49. Kd3 Kxa2 50. Kc2 a5 51. Kc1 a4
52. Kc2 a3 53. Kc1 Kb3 54. Kb1 Kc3 55. Ka2 Kb4 56. Ka1 Kb3 57. Kb1 a2+ 58. Ka1
Ka3 1/2-1/2

[Event "294th YMCA Autumn C"]
[Site "Warsaw"]
[Date "2024.11.28"]
[Round "9"]
[White "Ossolinski, Michal"]
[Black "Wiktorowski, Janusz"]
[Result "1-0"]
[WhiteElo "1612"]
[BlackElo "1648"]
[PlyCount "147"]
[EventDate "2024.09.25"]
[EventType "tourn"]
[EventRounds "1"]
[EventCountry "POL"]
[SourceDate "2024.09.25"]

1. b3 e5 2. Bb2 Nc6 3. e3 d5 4. Bb5 Bd6 5. Nf3 Bg4 6. h3 Bxf3 7. Qxf3 Nf6 8.
Nc3 a6 9. Bxc6+ bxc6 10. d3 O-O 11. O-O Nd7 12. Ne2 f5 13. Ng3 Qg5 14. Qh5 Qxh5
15. Nxh5 g6 16. Ng3 f4 17. exf4 exf4 18. Ne2 c5 19. f3 Rae8 20. Rae1 d4 21. c3
Ne5 22. Nc1 Nc6 23. cxd4 cxd4 24. a3 Re3 25. Re2 Rfe8 26. Rfe1 Bc5 27. Kf2 Ne7
28. b4 Ba7 29. Nb3 Nf5 30. Bc1 Ng3 31. Bxe3 dxe3+ 32. Kg1 Nxe2+ 33. Rxe2 Rd8
34. Nc1 Rd6 35. Kf1 Rc6 36. Re1 Rc2 37. Ne2 g5 38. Rc1 Ra2 39. Rxc7 Ra1+ 40.
Rc1 Rxa3 41. g3 Bb6 42. gxf4 Rxd3 43. fxg5 Rb3 44. Ra1 Rxb4 45. Rxa6 Rb1+ 46.
Kg2 Rb2 47. Kf1 Rb1+ 48. Kg2 Bc5 49. f4 Kf7 50. Rc6 Bb6 51. Kf3 Rb3 52. h4 Ba5
53. Nc1 Ra3 54. Ra6 Ra1 55. Nb3 e2 56. Kxe2 Ra2+ 57. Kd3 Ra4 58. Rxa5 Rxf4 59.
h5 Rh4 60. Rf5+ Kg7 61. Nd4 Rxh5 62. Ke4 Rh4+ 63. Ke5 Rh1 64. Ne6+ Kg6 65. Nf4+
Kg7 66. Rf6 Re1+ 67. Kd6 Rd1+ 68. Ke7 h6 69. Ne6+ Kg8 70. Rxh6 Rh1 71. Rg6+ Kh7
72. Kf7 Rf1+ 73. Rf6 Rg1 74. Nf8+ 1-0

[Event "294th YMCA Autumn C"]
[Site "Warsaw"]
[Date "2024.11.20"]
[Round "9"]
[White "Glowacki, Mateusz"]
[Black "Hartman, Aleksander"]
[Result "1/2-1/2"]
[WhiteElo "1635"]
[BlackElo "1683"]
[PlyCount "87"]
[EventDate "2024.09.25"]
[EventType "tourn"]
[EventRounds "1"]
[EventCountry "POL"]
[SourceDate "2024.09.25"]

1. e4 g6 2. h4 h5 3. Bc4 c6 4. Nc3 Bg7 5. Qf3 e6 6. d3 d5 7. Bb3 Nd7 8. exd5
exd5 9. Nge2 Ne5 10. Qg3 Ne7 11. f3 Nf5 12. Qf2 b5 13. Bf4 a5 14. a3 Qe7 15.
Kf1 O-O 16. Re1 Ba6 17. Ng3 Nxg3+ 18. Bxg3 Qc7 19. d4 b4+ 20. Ne2 f5 21. dxe5
f4 22. Bh2 Bxe5 23. Kg1 Rae8 24. c3 bxc3 25. bxc3 Bxc3 26. Nxc3 Rxe1+ 27. Qxe1
Qb6+ 28. Qf2 Qxb3 29. Qd4 c5 30. Qxd5+ Qxd5 31. Nxd5 Rd8 32. Bxf4 Rxd5 33. Kf2
Rd3 34. Bc1 c4 35. Re1 c3 36. Re3 Kf7 37. Rxd3 Bxd3 38. Ke3 Bf1 39. g3 Bb5 40.
Kd4 c2 41. Kc3 Ba4 42. Bd2 Ke6 43. Kb2 Kd5 44. Kc3 $11 1/2-1/2

[Event "294th YMCA Autumn C"]
[Site "Warsaw"]
[Date "2024.11.29"]
[Round "10"]
[White "Niedzwiecki, Marek"]
[Black "Hartman, Aleksander"]
[Result "0-1"]
[WhiteElo "1618"]
[BlackElo "1683"]
[PlyCount "108"]
[EventDate "2024.09.25"]
[EventType "tourn"]
[EventRounds "1"]
[EventCountry "POL"]
[SourceDate "2024.09.25"]

1. e4 g6 2. d4 Bg7 3. Nf3 c5 4. Bc4 Nc6 5. c3 Qb6 6. d5 Ne5 7. Nxe5 Bxe5 8. f4
Bg7 9. e5 d6 10. Qe2 a6 11. O-O Nh6 12. a4 O-O 13. a5 Qc7 14. e6 fxe6 15. dxe6
b5 16. Bd5 Bb7 17. Bxb7 Qxb7 18. g4 Rad8 19. h3 d5 20. f5 gxf5 21. g5 Nf7 22.
exf7+ Rxf7 23. h4 e5 24. h5 Qe7 25. g6 hxg6 26. hxg6 Rf6 27. Qh5 Qe6 28. Bg5
Rxg6 29. Nd2 Bh6 30. Nf3 Bxg5 31. Nxg5 Qf6 32. Kf2 Qxg5 33. Qxg5 Rxg5 34. Rh1
Kg7 35. Rae1 f4 36. Kf3 Rd6 37. Rh3 Rh6 38. Rxh6 Kxh6 39. Rd1 Rg3+ 40. Kf2 d4
41. cxd4 cxd4 42. Rc1 Rb3 43. Rc6+ Kg5 44. Rxa6 Rxb2+ 45. Kf1 Ra2 46. Ra8 Kg4
47. a6 Kf3 48. Ke1 e4 49. a7 e3 50. Kd1 e2+ 51. Ke1 Ra1+ 52. Kd2 e1=Q+ 53. Kd3
Qe3+ 54. Kc2 Qc3# 0-1

[Event "294th YMCA Autumn C"]
[Site "Warsaw"]
[Date "2024.11.26"]
[Round "10"]
[White "Wiktorowski, Janusz"]
[Black "Glowacki, Mateusz"]
[Result "0-1"]
[WhiteElo "1648"]
[BlackElo "1635"]
[PlyCount "54"]
[EventDate "2024.09.25"]
[EventType "tourn"]
[EventRounds "1"]
[EventCountry "POL"]
[SourceDate "2024.09.25"]

1. e4 c5 2. Nf3 a6 3. a4 Nc6 4. Bc4 e6 5. O-O d5 6. exd5 exd5 7. Ba2 Be7 8. d4
c4 9. b3 b5 10. bxc4 bxc4 11. c3 Bf5 12. Re1 Nf6 13. Ne5 Nxe5 14. Rxe5 Be6 15.
h3 Bd6 16. Re1 Ne4 17. Qf3 f5 18. Qh5+ Bf7 19. Qxf5 O-O 20. Qg4 Nxf2 21. Qe2
Bg6 22. Be3 Bg3 23. Nd2 Qd6 24. Nf3 Bd3 25. Qb2 Rxf3 26. gxf3 Bh2+ 27. Kxf2
Qg3# 0-1

[Event "294th YMCA Autumn C"]
[Site "Warsaw"]
[Date "2024.11.29"]
[Round "10"]
[White "Sokolowski, Marcin"]
[Black "Ossolinski, Michal"]
[Result "1-0"]
[WhiteElo "1600"]
[BlackElo "1612"]
[PlyCount "120"]
[EventDate "2024.09.25"]
[EventType "tourn"]
[EventRounds "1"]
[EventCountry "POL"]
[SourceDate "2024.09.25"]

1. d4 Nf6 2. Bf4 c5 3. e3 Qb6 4. Na3 Qxb2 5. Nb5 Nd5 6. Bg3 a6 7. Rb1 Qxa2 8.
Ra1 Qb2 9. c4 Nc3 10. Nc7+ Kd8 11. Qc1 Qxc1+ 12. Rxc1 cxd4 13. Nxa8 d6 14. Nb6
Nc6 15. exd4 Ne4 16. Nf3 Bg4 17. Bd3 Bxf3 18. gxf3 Nxg3 19. fxg3 Nxd4 20. Kf2
g6 21. Rhd1 Bg7 22. Na4 h5 23. c5 Nb3 24. Rb1 Na5 25. Be4 Kc7 26. cxd6+ exd6
27. Nb6 h4 28. h3 hxg3+ 29. Kxg3 Rh5 30. Rdc1+ Rc5 31. Rxc5+ dxc5 32. Bd5 f6
33. Kg4 Nc6 34. Bxc6 Kxc6 35. Kf4 Bh6+ 36. Ke4 Bd2 37. Nc8 b5 38. Ne7+ Kb6 39.
Kd3 Bg5 40. Nxg6 a5 41. Ne7 a4 42. Kc3 Bh4 43. Nc8+ Ka6 44. Nd6 b4+ 45. Kc4 Bf2
46. Ne4 Be3 47. Nxc5+ Ka5 48. Nxa4 f5 49. Rxb4 Bd2 50. Rb5+ Ka6 51. Rxf5 Kb7
52. h4 Kc6 53. h5 Kd6 54. Kd4 Ke6 55. Ke4 Bc1 56. f4 Ba3 57. h6 Be7 58. h7 Bf6
59. Rxf6+ Kxf6 60. h8=Q+ Kf7 1-0

[Event "294th YMCA Autumn C"]
[Site "Warsaw"]
[Date "2024.10.27"]
[Round "10"]
[White "Kuc, Mariusz"]
[Black "Jazdzyk, Bartosz"]
[Result "1-0"]
[WhiteElo "1684"]
[BlackElo "1663"]
[PlyCount "61"]
[EventDate "2024.09.25"]
[EventType "tourn"]
[EventRounds "1"]
[EventCountry "POL"]
[SourceDate "2024.09.25"]

1. e4 e6 2. d4 d5 3. e5 c5 4. c3 Nc6 5. Nf3 Qb6 6. Bd3 cxd4 7. O-O Bd7 8. Re1
Bc5 9. Qe2 Nge7 10. Nbd2 dxc3 11. bxc3 Na5 12. Rb1 Qc7 13. h4 a6 14. c4 dxc4
15. Nxc4 Nxc4 16. Bxc4 b5 17. Bd3 Nd5 18. Bd2 Ba3 19. Ng5 Bc6 20. Rb3 Qe7 21.
Qf3 b4 22. Ne4 Rd8 23. Bg5 f6 24. exf6 Nxf6 25. Nxf6+ gxf6 26. Qxc6+ Kf7 27.
Qf3 h5 28. Bf4 a5 29. Bc4 a4 30. Rbe3 Rde8 31. Bxe6+ 1-0

[Event "294th YMCA Autumn C"]
[Site "Warsaw"]
[Date "2024.11.27"]
[Round "10"]
[White "Kozera, Konrad"]
[Black "Sobieraj, Filip"]
[Result "0-1"]
[WhiteElo "1576"]
[BlackElo "1697"]
[PlyCount "168"]
[EventDate "2024.09.25"]
[EventType "tourn"]
[EventRounds "1"]
[EventCountry "POL"]
[SourceDate "2024.09.25"]

1. e4 e6 2. d4 d5 3. exd5 exd5 4. Bd3 Bd6 5. h3 Nf6 6. Nf3 Nbd7 7. O-O O-O 8.
Re1 Re8 9. Rxe8+ Qxe8 10. Nc3 c6 11. Qe2 Qxe2 12. Nxe2 Nb6 13. b3 Be6 14. Nf4
Re8 15. Nxe6 fxe6 16. c4 Nbd7 17. c5 Bc7 18. Bb2 e5 19. dxe5 Nxe5 20. Nxe5 Bxe5
21. Bxe5 Rxe5 22. b4 a6 23. Kf1 Ne4 24. f3 Nc3 25. Kf2 Kf7 26. g4 g6 27. f4 Re8
28. a3 a5 29. Rc1 d4 30. Re1 Ra8 31. f5 axb4 32. fxg6+ hxg6 33. axb4 Ra4 34. h4
Rxb4 35. h5 gxh5 36. gxh5 Rb2+ 37. Kg3 Nd5 38. Bc4 Rc2 39. Bxd5+ cxd5 40. Rd1
Rxc5 41. Rxd4 Kf6 42. Rg4 Rc3+ 43. Kg2 Rc7 44. Kg3 Rh7 45. Rb4 Kg5 46. Kf3 Kf5
47. Rb5 Ke5 48. Kg4 Rg7+ 49. Kh4 Kd6 50. h6 Rd7 51. Kg5 Kc6 52. Rb1 d4 53. Kg6
b5 54. h7 Rxh7 55. Kxh7 Kc5 56. Rc1+ Kb4 57. Kg6 d3 58. Kf5 d2 59. Rh1 Kc3 60.
Ke4 b4 61. Ke3 b3 62. Rb1 Kc2 63. Rxb3 d1=Q 64. Ra3 Qd2+ 65. Kf3 Qd5+ 66. Ke2
Qh5+ 67. Kf1 Qf5+ 68. Kg2 Qd5+ 69. Kf1 Kd2 70. Rg3 Qh1+ 71. Kf2 Qh5 72. Kg2 Ke2
73. Kg1 Qh7 74. Kg2 Qh4 75. Rh3 Qf2+ 76. Kh1 Qf1+ 77. Kh2 Qf4+ 78. Kg2 Qf2+ 79.
Kh1 Kf1 80. Rg3 Qd4 81. Rf3+ Ke2 82. Rg3 Kf2 83. Rg2+ Kf1 84. Kh2 Qh4# 0-1

[Event "294th YMCA Autumn C"]
[Site "Warsaw"]
[Date "2024.11.27"]
[Round "10"]
[White "Klask, Franciszek"]
[Black "Przybylski, Marek"]
[Result "1/2-1/2"]
[WhiteElo "1672"]
[BlackElo "1609"]
[PlyCount "78"]
[EventDate "2024.09.25"]
[EventType "tourn"]
[EventRounds "1"]
[EventCountry "POL"]
[SourceDate "2024.09.25"]

1. d4 d5 2. Nf3 Nf6 3. Bf4 e6 4. e3 Bd6 5. Bxd6 Qxd6 6. Nbd2 Nbd7 7. Bd3 c5 8.
c3 b6 9. O-O Bb7 10. Re1 O-O 11. e4 dxe4 12. Nxe4 Nxe4 13. Bxe4 Bxe4 14. Rxe4
Nf6 15. Re1 Rfd8 16. Qc2 Rac8 17. Rad1 Qc7 18. Rd2 c4 19. Re5 Rd5 20. Rde2 Rcd8
21. h3 h6 22. Qc1 Rxe5 23. Rxe5 Rd5 24. Qe3 Qd6 25. Nd2 Qc6 26. Nf3 Nd7 27.
Rxd5 Qxd5 28. Ne5 Nxe5 29. Qxe5 Qxe5 30. dxe5 Kf8 31. f4 Ke7 32. Kf2 Kd7 33.
Ke3 Kc6 34. Kd4 b5 35. g4 g6 36. h4 a5 37. h5 gxh5 38. gxh5 a4 39. a3 Kb6
1/2-1/2

[Event "294th YMCA Autumn C"]
[Site "Warsaw"]
[Date "2024.11.27"]
[Round "10"]
[White "Matyszkiewicz, Radoslaw"]
[Black "Marczukiewicz, Slawomir"]
[Result "1/2-1/2"]
[WhiteElo "1542"]
[BlackElo "1637"]
[PlyCount "60"]
[EventDate "2024.09.25"]
[EventType "tourn"]
[EventRounds "1"]
[EventCountry "POL"]
[SourceDate "2024.09.25"]

1. e4 c5 2. Nf3 Nc6 3. d4 cxd4 4. Nxd4 Nf6 5. Nc3 a6 6. Bg5 e5 7. Nb3 Bb4 8.
Qf3 Nd4 9. Qd3 Ne6 10. Bxf6 Qxf6 11. f3 Nf4 12. Qc4 Bxc3+ 13. Qxc3 d5 14. exd5
Nxd5 15. Qa5 Ne3 16. Qd2 Qb6 17. Ke2 Nf5 18. Re1 O-O 19. Kd1 Rd8 20. Bd3 f6 21.
Kc1 Be6 22. f4 Bxb3 23. axb3 Rac8 24. fxe5 Nd4 25. Bc4+ Rxc4 26. bxc4 Nb3+ 27.
cxb3 Rxd2 28. Kxd2 fxe5 29. Kc3 Qd4+ 30. Kc2 Qf2+ $11 1/2-1/2

[Event "294th YMCA Autumn C"]
[Site "Warsaw"]
[Date "2024.12.04"]
[Round "11"]
[White "Marczukiewicz, Slawomir"]
[Black "Niedzwiecki, Marek"]
[Result "1/2-1/2"]
[WhiteElo "1637"]
[BlackElo "1618"]
[PlyCount "69"]
[EventDate "2024.09.25"]
[EventType "tourn"]
[EventRounds "1"]
[EventCountry "POL"]
[SourceDate "2024.09.25"]

1. d4 Nf6 2. c3 e6 3. Bg5 d5 4. e3 Nbd7 5. Nf3 Bd6 6. Nbd2 c6 7. Bd3 h6 8. Bh4
Qc7 9. O-O O-O 10. c4 g5 11. Bg3 Bxg3 12. hxg3 e5 13. cxd5 cxd5 14. Rc1 Qd6 15.
dxe5 Nxe5 16. Bb1 Bg4 17. Qa4 a6 18. Rc3 Bd7 19. Qb3 b5 20. Nxe5 Qxe5 21. Nf3
Qd6 22. Rfc1 Rfc8 23. Qd1 b4 24. Rxc8+ Rxc8 25. Rxc8+ Bxc8 26. Qd4 Ng4 27. Qd3
Qc7 28. Qd2 a5 29. Qc2 Qc4 30. b3 Qa6 31. Nd4 Bd7 32. Qh7+ Kf8 33. Bf5 Bxf5 34.
Qxf5 Nf6 35. Qe5 1/2-1/2

[Event "294th YMCA Autumn C"]
[Site "Warsaw"]
[Date "2024.12.04"]
[Round "11"]
[White "Przybylski, Marek"]
[Black "Matyszkiewicz, Radoslaw"]
[Result "0-1"]
[WhiteElo "1609"]
[BlackElo "1542"]
[PlyCount "84"]
[EventDate "2024.09.25"]
[EventType "tourn"]
[EventRounds "1"]
[EventCountry "POL"]
[SourceDate "2024.09.25"]

1. d4 Nf6 2. Nf3 g6 3. Bf4 d6 4. h3 Bg7 5. e3 Nbd7 6. Be2 O-O 7. O-O b6 8. Nbd2
Bb7 9. c3 c5 10. Rc1 a6 11. a4 Re8 12. Nb3 Nd5 13. Bg3 e5 14. Nfd2 Nc7 15. Re1
Bc6 16. Ra1 cxd4 17. exd4 f5 18. dxe5 dxe5 19. Bf3 e4 20. Be2 Ne6 21. Bc4 Kh8
22. Bxe6 Rxe6 23. Nc4 Qg5 24. Qd2 Qxd2 25. Nbxd2 g5 26. Bc7 b5 27. axb5 axb5
28. Rxa8+ Bxa8 29. Nd6 Bc6 30. Nf7+ Kg8 31. Nxg5 Rg6 32. Ngxe4 fxe4 33. Nxe4
Nf6 34. Nxf6+ Bxf6 35. Bg3 Kf7 36. Re3 Be7 37. b4 Bd8 38. Rd3 Bb6 39. Kh2 Bxf2
40. Bxf2 Rxg2+ 41. Kh1 Rg3+ 42. Kh2 Rxd3 0-1